00523 2200205 4500001002100000005001500021035002000036007000300056008004100059020001800100082001000118084001700128100001700145245004500162260003600207300002800243650002000271504001600291990001000307INLIS00000000000237420250319100159 a0010-0325000407ta250319 g 1 ind  a979-407-356-3 aF/813 aF/813 DJU s0 aDjumri Obeng1 aSuku Dayak''''' :bFiksi /cDjumri Obeng aJakarta :bBalai Pustaka,c1995 a38 hlm :bllus ;c21 Cm 4aSuku Dayak''''' aBibliografi a04131